000 00885nmm a2200265 a 4500
001 ocm000598031
003 TR-IsHL
005 20201028134854.0
008 131203s2008 tu tur
007 cr cn
020 _a9789944411943
035 _a598031
_b(N$T)
050 0 4 _aLB2367.4
_b.Y55 2008
090 0 4 _aLB2367.4
_b.Y55 2008
100 1 _aYılmaz, M. Abdullah
245 1 0 _aPratik soru çözüm teknikleri
_h[electronic resource] /
_cM. Abdullah Yılmaz
260 _aİstanbul :
_bAkis Kitap,
_c2008
300 _a144 p.
650 4 _aEğitim
650 4 _aEducation
650 0 _aÇalışma teknikleri, öğrenciler için
650 0 _aStudy techniques for students
650 7 _aEDUCATION / Teaching Methods & Materials / Science & Technology
_2bisacsh
856 4 0 _uhttp://search.ebscohost.com/login.aspx?direct=true&scope=site&db=e011xww&AN=598031
999 _c6435
_d6435